All 25k+ cities in Wisconsin with a map - Statistics

General Stats
  • This quiz has been taken 56 times
    46 since last reset
  • The average score is 24 of 35
Answers on the Map
Answers color-coded by a green-red scale on the quiz's map according to % correct below.
 
Answer Stats
City Population % Correct
Green Bay 107,365
96%
Madison 274,667
96%
Milwaukee 577,897
96%
Appleton 75,678
93%
Kenosha 100,005
93%
Oshkosh 66,895
93%
Eau Claire 69,449
89%
Fond du Lac 44,694
89%
Janesville 65,633
89%
Racine 78,337
89%
La Crosse 52,687
85%
Sheboygan 49,938
85%
Beloit 36,689
81%
Waukesha 71,151
81%
Superior 26,748
78%
Wausau 40,034
78%
West Allis 60,337
74%
Manitowoc 34,646
70%
Stevens Point 25,681
67%
New Berlin 40,449
63%
Neenah 27,330
59%
Brookfield 41,465
56%
Menomonee Falls 38,522
56%
Sun Prairie 35,972
56%
Wauwatosa 48,383
56%
Greenfield 37,788
52%
Oak Creek 36,507
52%
De Pere 25,412
48%
Franklin 36,142
48%
Mount Pleasant 27,725
48%
West Bend 31,746
41%
Fitchburg 30,983
37%
Muskego 25,039
37%
Mequon 25,147
30%
Caledonia 25,354
15%
No matching quizzes found
Score Distribution
Percent of People with Each Score
Percentile by Number Answered
Your Score History
You have not taken this quiz since the last reset